header

War in the early modern world (Record no. 123623)

MARC details
000 -LEADER
fixed length control field 01135nam a2200313 a 4500
082 04 - DEWEY DECIMAL CLASSIFICATION NUMBER
Classification number 355.0209
245 00 - TITLE STATEMENT
Title War in the early modern world
260 ## - PUBLICATION, DISTRIBUTION, ETC. (IMPRINT)
Place of publication London :
Name of publisher UCL Press,
Year of publication 1999.
300 ## - PHYSICAL DESCRIPTION
Number of Pages xi,268p.
650 #0 - SUBJECT ADDED ENTRY--TOPICAL TERM
Topical Term Military art and science
700 1# - ADDED ENTRY--PERSONAL NAME
Personal name Black, Jeremy.
856 40 - ELECTRONIC LOCATION AND ACCESS
Uniform Resource Identifier http://site.ebrary.com/lib/rucke/Doc?id=2003802

No items available.

© 2026 Rongo University
Contact us: librarian | system librarian | Rongo university